Pokémon that Start with the Same Letter as Their Type - Statistics

General Stats
  • This quiz has been taken 1,962 times
    835 since last reset
  • The average score is 47 of 109
Answer Stats
Type # Pokémon % Correct
Dragon 149 Dragonite
86%
Dragon 148 Dragonair
85%
Dragon 147 Dratini
85%
Ghost 94 Gengar
84%
Ghost 92 Gastly
83%
Electric 239 Elekid
74%
Electric 125 Electabuzz
73%
Steel 208 Steelix
73%
Electric 466 Electivire
70%
Dark 491 Darkrai
69%
Bug 12 Butterfree
68%
Dragon 621 Druddigon
65%
Bug 15 Beedrill
64%
Electric 604 Eelektross
64%
Fairy 669 Flabébé
63%
Fire 136 Flareon
63%
Electric 603 Eelektrik
62%
Fairy 671 Florges
62%
Fairy 670 Floette
61%
Water 321 Wailord
61%
Ground 74 Geodude
60%
Ground 76 Golem
60%
Ground 75 Graveler
60%
Water 320 Wailmer
60%
Electric 309 Electrike
57%
Dragon 887 Dragapult
54%
Dark / Dragon 633 Deino
52%
Rock 524 Roggenrola
52%
Dragon 780 Drampa
51%
Dragon 885 Dreepy
51%
Electric 101 Electrode
51%
Ground 383 Groudon
51%
Bug 267 Beautifly
50%
Dragon 886 Drakloak
50%
Flying 22 Fearow
49%
Poison 803 Poipole
49%
Rock 744 Rockruff
48%
Water 8 Wartortle
48%
Bug 412 Burmy
47%
Dragon 483 Dialga
47%
Flying / Fighting 83 Farfetch’d
46%
Fire / Flying 662 Fletchinder
46%
Ghost / Ground 622 Golett
46%
Ghost / Ground 623 Golurk
45%
Grass / Ground 388 Grotle
45%
Grass 253 Grovyle
45%
Water 746 Wishiwashi
45%
Rock 377 Regirock
44%
Steel 227 Skarmory
44%
Fire 653 Fennekin
42%
Flying 661 Fletchling
42%
Ground 444 Gabite
42%
Ground 445 Garchomp
42%
Water 340 Whiscash
42%
Electric 587 Emolga
41%
Ground 443 Gible
41%
Ghost / Grass 711 Gourgeist
41%
Steel 212 Scizor
40%
Bug 824 Blipbug
39%
Grass 44 Gloom
39%
Rock 112 Rhydon
39%
Rock 111 Rhyhorn
38%
Rock 464 Rhyperior
38%
Bug 794 Buzzwole
37%
Dragon 691 Dragalge
37%
Dragon 882 Dracovish
36%
Dragon 880 Dracozolt
36%
Ground 487 Giratina
35%
Rock 409 Rampardos
35%
Grass 810 Grookey
34%
Fighting 870 Falinks
33%
Ghost 1000 Gholdengo
33%
Fire 909 Fuecoco
32%
Ghost 999 Gimmighoul
32%
Rock 837 Rolycoly
32%
Water 365 Walrein
32%
Steel 27 Sandshrew
31%
Steel 28 Sandslash
31%
Ice 991 Iron Bundle
30%
Water 278 Wingull
30%
Water 194 Wooper
30%
Dragon 884 Duraludon
29%
Water 960 Wiglett
29%
Water 961 Wugtrio
29%
Grass 673 Gogoat
28%
Flying / Fighting 973 Flamigo
27%
Dark 452 Drapion
26%
Grass 829 Gossifleur
26%
Fairy 926 Fidough
25%
Ground 207 Gligar
25%
Ground 472 Gliscor
25%
Normal 164 Noctowl
24%
Psychic 77 Ponyta
24%
Water 767 Wimpod
24%
Steel 410 Shieldon
23%
Dragon 1011 Dipplin
22%
Ghost 971 Greavard
22%
Poison 1025 Pecharunt
22%
Fairy 987 Flutter Mane
21%
Ground 423 Gastrodon
21%
Steel 805 Stakataka
21%
Rock 369 Relicanth
20%
Water 1009 Walking Wake
20%
Fairy 1016 Fezandipiti
19%
Steel 791 Solgaleo
19%
Steel 618 Stunfisk
18%
Ground 984 Great Tusk
16%
Steel 705 Sliggoo
16%
Steel 773 Silvally
15%
No matching quizzes found
Score Distribution
Percent of People with Each Score
Percentile by Number Answered
Your Score History
You have not taken this quiz since the last reset